Mechanical behavior of engineering materials (Record no. 22120)

000 -LEADER
fixed length control field 00506nam a22001931 4500
001 - CONTROL NUMBER
control field 22120
003 - CONTROL NUMBER IDENTIFIER
control field BD-DhUET
008 - FIXED-LENGTH DATA ELEMENTS--GENERAL INFORMATION
fixed length control field 800331s1962 paua b s000 0 eng
040 ## - CATALOGING SOURCE
Original cataloging agency DLC
Transcribing agency TxCM
Modifying agency BD-DhUET
082 ## - DEWEY DECIMAL CLASSIFICATION NUMBER
Classification number 620.1
Item number MAR/1963
100 ## - MAIN ENTRY--PERSONAL NAME
Personal name Marin, Joseph
245 10 - TITLE STATEMENT
Title Mechanical behavior of engineering materials
250 ## - EDITION STATEMENT
Edition statement 1st ed.
260 ## - PUBLICATION, DISTRIBUTION, ETC. (IMPRINT)
Place of publication, distribution, etc. New Jersey
Name of publisher, distributor, etc. Prentice-Hall
Date of publication, distribution, etc. 1963
300 ## - PHYSICAL DESCRIPTION
Extent x, 502 p.
Other physical details ill.
504 ## - BIBLIOGRAPHY, ETC. NOTE
Bibliography, etc Includes bibliographies
650 #0 - SUBJECT ADDED ENTRY--TOPICAL TERM
Topical term or geographic name as entry element Applied mechanics
942 ## - ADDED ENTRY ELEMENTS (KOHA)
Koha item type General Book
Holdings
Koha date last seen Koha issues (times borrowed) Koha item type Koha normalized classification for sorting Source of classification or shelving scheme Lost status Koha out on loan Price effective from Shelving location Withdrawn status Sublocation or collection (holding branch) Koha full call number Piece designation (barcode) Not for loan Date acquired Damaged status Koha date last borrowed Location (home branch) Copy number
2015-04-23 General Book620_100000000000000_MAR_1963   2015-04-23Circulation section Central Library, BUET620.1/MAR/196321007 2015-04-23  Central Library, BUET1
2022-07-031General Book620_100000000000000_MAR_1963  2023-07-032015-04-23Circulation section Central Library, BUET620.1/MAR/19631571 2015-04-23 2022-07-03Central Library, BUET2
2015-04-25 General Book620_100000000000000_MAR_1963   2015-04-25Circulation section Central Library, BUET620.1/MAR/19631570 2015-04-25  Central Library, BUET3
2015-04-30 General Book620_100000000000000_MAR_1963   2015-04-30Circulation section Central Library, BUET620.1/MAR/196325732 2015-04-30  Central Library, BUET4
2015-08-23 General Book620_100000000000000_MAR_1963   2015-08-23Circulation section Central Library, BUET620.1/MAR/196317659 2015-08-23  Central Library, BUET5